书目信息 |
| 题名: |
泵图集
|
|
| 作者: | ;关醒凡 译 ;日本泵图集分科会 编 | |
| 分册: | ||
| 出版信息: | 北京 机械工业出版社 1976 |
|
| 页数: | 126页 | |
| 开本: | 26cm | |
| 丛书名: | ||
| 单 册: | ||
| 中图分类: | TH3-64 | |
| 科图分类: | ||
| 主题词: | 泵--图集 | |
| 电子资源: | ||
| ISBN: | ||
| 000 | 00636nam0 2200229 45 | |
| 001 | 0176000790 | |
| 005 | 20060731090815.65 | |
| 010 | @dCNY0.61 | |
| 100 | @a19950927d1976 kemy0chiy0121 ea | |
| 101 | 1 | @achi@cjpn |
| 102 | @aCN@b110000 | |
| 105 | @aa z 000yy | |
| 200 | 10 | @a泵图集@Abeng tu ji@f日本泵图集分科会编@g关醒凡译 |
| 210 | @a北京@c机械工业出版社@d1976 | |
| 215 | @a126页@d26cm | |
| 606 | @a泵@x图集 | |
| 690 | @aTH3-64@v3 | |
| 702 | 0 | @a关醒凡@Aguan xing fan@4译 |
| 711 | 02 | @a日本泵图集分科会@Ari ben beng tu ji fen ke hui@4编 |
| 801 | 0 | @aCN@bTSSF@c20060731 |
| 801 | 2 | @aCN@bNLC@c20060725 |
| 905 | @a10447@dTH3-64@e6 | |
| 泵图集/日本泵图集分科会编/关醒凡译.-北京:机械工业出版社,1976 |
| 126页;26cm |
| ISBN :CNY0.61 |
| ● |
| 相关链接 |
|
|
|
|
正题名:泵图集
索取号:TH3-64/6
 
预约/预借
| 序号 | 登录号 | 条形码 | 馆藏地/架位号 | 状态 | 备注 |
| 1 | 0438349 | 204383498 | 密集书库/ [索取号:TH3-64/6] | 在馆 | |
| 2 | 0439083 | 204390836 | 密集书库/ [索取号:TH3-64/6] | 在馆 |